Plan para la década de recursos humanos en salud 2006-2015 : (Registro nro. 28761)
[ vista simple ]
| 000 -CABECERA | |
|---|---|
| campo de control de longitud fija | 01171nam a2200181 a 4500 |
| 001 - NÚMERO DE CONTROL | |
| campo de control | 000029269 |
| 005 - FECHA Y HORA DE LA ÚLTIMA TRANSACCIÓN | |
| campo de control | 20250607073643.0 |
| 008 - DATOS DE LONGITUD FIJA--INFORMACIÓN GENERAL | |
| campo de control de longitud fija | 110414s2008 dr a 000 0 spa d |
| 020 ## - NÚMERO INTERNACIONAL ESTÁNDAR DEL LIBRO | |
| Número Internacional Estándar del Libro | 9789993481843 |
| 040 ## - FUENTE DE LA CATALOGACIÓN | |
| Centro catalogador/agencia de origen | DO-SdBNP |
| 245 00 - MENCIÓN DE TÍTULO | |
| Título | Plan para la década de recursos humanos en salud 2006-2015 : |
| Resto del título | República Dominicana /. |
| 260 ## - PUBLICACIÓN, DISTRIBUCIÓN, ETC. | |
| Lugar de publicación, distribución, etc. | Santo Domingo : |
| Nombre del editor, distribuidor, etc. | SESPAS |
| -- | Organización Panamericana de la Salud, |
| Fecha de publicación, distribución, etc. | 2008. |
| 300 ## - DESCRIPCIÓN FÍSICA | |
| Extensión | 44 p. : |
| Otras características físicas | il. ; |
| Dimensiones | 26 cm. |
| 505 2# - NOTA DE CONTENIDO CON FORMATO | |
| Nota de contenido con formato | Presentación -- Contexto internacional -- El contexto nacional del plan para la década de recursos humanos en salud-- Antecedentes -- Otras acciones previas al plan para la década de recursos humanos en salud -- Elaboración del plan para la década de recursos humanos en salud -- Matriz del plan para la década de los recursos humanos en salud, 2006-2015 -- Matriz del plan para la década de los recursos humanos en salud, 2006-2015 -- Anexos. |
| 500 ## - NOTA GENERAL | |
| Nota general | Incluye referencias bibliográficas y notas al pie de las páginas |
| 710 1# - PUNTO DE ACCESO ADICIONAL--NOMBRE DE ENTIDAD CORPORATIVA | |
| Nombre de entidad corporativa o nombre de jurisdicción como elemento de entrada | República Dominicana. |
| Unidad subordinada | Secretaria de Estado de Salud Pública y Asistencia Social (2001) |
| 9 (RLIN) | 56549 |
| 710 1# - PUNTO DE ACCESO ADICIONAL--NOMBRE DE ENTIDAD CORPORATIVA | |
| Nombre de entidad corporativa o nombre de jurisdicción como elemento de entrada | Organización Panamericana de la Salud |
| 9 (RLIN) | 1055 |
| Estado de retiro | Estado de pérdida | Restricciones de uso | No para préstamo | Código de colección | Localización permanente | Ubicación/localización actual | Ubicación en estantería | Fecha de adquisición | Número de inventario | Total de préstamos | Signatura topográfica completa | Código de barras | Fecha visto por última vez | Número de copia | Precio válido a partir de | Tipo de ítem Koha |
|---|---|---|---|---|---|---|---|---|---|---|---|---|---|---|---|---|
| Dominicana de Servicio | General | General | En catalogación | 14.04.2011 | LF1 | 29269-30 | 25.06.2020 | e. 3 | 25.06.2020 | Libro y Folleto Colección Dominicana de Servicio | ||||||
| Dominicana de Servicio | General | General | En catalogación | 14.04.2011 | LF1 | 29269-40 | 25.06.2020 | e. 4 | 25.06.2020 | Libro y Folleto Colección Dominicana de Servicio | ||||||
| Excluido de préstamo | Patrimonio Dominicano | Patrimonio Dominicano | Patrimonio Dominicano | En catalogación | 14.04.2011 | LF1 | 29269-10 | 25.06.2020 | e. 2 | 25.06.2020 | Libro y Folleto Colección Patrimonio Dominicano | |||||
| Excluido de préstamo | Patrimonio Dominicano | Patrimonio Dominicano | Patrimonio Dominicano | En catalogación | 14.04.2011 | LF1 | 29269-20 | 25.06.2020 | 25.06.2020 | Libro y Folleto Colección Patrimonio Dominicano |
